Placer les bâtiments d'une centrale nucléaire type EPR - Statistiques

Statistiques générales
  • Ce quiz a été pris 251 fois
  • Le résultat moyen est 4 sur 9
Réponses sur la Carte
Les réponses sont colorées sur une échelle allant du rouge au vert en fonction du pourcentage des utilisateurs qui les ont devinées à leur premier essai. Vous pouvez retrouver ces pourcentages ci-dessous.
 
Statistiques - réponses
Réponse % Correct
Bâtiment Reacteur
79%
Bâtiment Administratif
72%
Salle des Machines
50%
Bâtiment Combustible
38%
Bâtiment des auxiliaires nucléaires
32%
Bâtiment Electrique Ilot Conventionnel
29%
Bâtiments des Diesel de Secours
29%
Bâtiment de traitement des effluents
24%
Bâtiments des auxiliaires de sauvegarde
19%
Aucun quiz correspondant
Distribution des résultats
% des personnes avec chaque résultat
Percentile par nombre de réponses
Votre historique - résultats
Vous n’avez pas pris ce quiz